المعجم المفهرس للفاح الحديث النبوي: حن الكتب الستاء ومسند الدرمي والموضع مالك ومسند أحمد بن حنبل = Concordance et indices de la tradition musulmane : les six livres, le Musnad d'Al-Dārimī, le Muwatta' de Mālik, le Musnad de Ahmad Ibn Hanbal / (Record no. 79124)
[ view plain ]
| 000 -LEADER | |
|---|---|
| fixed length control field | 01407naa a2200289 a 4500 |
| 001 - CONTROL NUMBER | |
| control field | 79124 |
| 003 - CONTROL NUMBER IDENTIFIER | |
| rucl marc code | BD-RjUL |
| 005 - DATE AND TIME OF LATEST TRANSACTION | |
| control field | 20220105142016.0 |
| 008 - FIXED-LENGTH DATA ELEMENTS--GENERAL INFORMATION | |
| fixed length control field | 220105m19361967n ||||| reb| 001 0 ara d |
| 035 ## - SYSTEM CONTROL NUMBER | |
| System control number | (BD-RjUL)79124 |
| 040 ## - CATALOGING SOURCE | |
| Original cataloging agency | BD-RjUL |
| Language of cataloging | eng |
| Transcribing agency | BD-RjUL |
| 041 ## - LANGUAGE CODE | |
| Language code of text/sound track or separate title | ara/fra |
| 082 ## - DEWEY DECIMAL CLASSIFICATION NUMBER | |
| Edition number | 23 |
| Classification number | 297.12503 |
| Author mark and year | WEM 1936,1967 |
| 100 ## - MAIN ENTRY--PERSONAL NAME | |
| Personal name | Wensinck, A.J.= .فنسنك, ا.ى |
| 9 (RLIN) | 537 |
| 245 14 - TITLE STATEMENT | |
| Title | المعجم المفهرس للفاح الحديث النبوي: حن الكتب الستاء ومسند الدرمي والموضع مالك ومسند أحمد بن حنبل = Concordance et indices de la tradition musulmane : les six livres, le Musnad d'Al-Dārimī, le Muwatta' de Mālik, le Musnad de Ahmad Ibn Hanbal / |
| Statement of responsibility, etc. | , A.J. Wensinck = ا ى ونسنك |
| 260 ## - PUBLICATION, DISTRIBUTION, ETC. (IMPRINT) | |
| Place of publication, distribution, etc. | Leiden : ليدن : |
| Name of publisher, distributor, etc. | E. J. Brill ,مطبعة بريل في المدية , |
| Date of publication, distribution, etc. | 1932, 1967 [١٩٦٧] [ ١٩٣٦] |
| 300 ## - PHYSICAL DESCRIPTION | |
| Pagination | v. ; |
| Size | 40 cm |
| 490 ## - SERIES STATEMENT | |
| Series statement | Union Academique Internationale = الاتحاد الامي للمجامع العلمية |
| 504 ## - BIBLIOGRAPHY, ETC. NOTE | |
| Bibliography, etc | Includes bibliographical reference |
| 505 ## - FORMATTED CONTENTS NOTE | |
| Formatted contents note | --Vol. 1. ا ح |
| Formatted contents note | V. 6.كرم-نكل |
| 650 ## - SUBJECT ADDED ENTRY--TOPICAL TERM | |
| Topical term or geographic name as entry element | Dictionary |
| Form subdivision | Hadith |
| 9 (RLIN) | 170 |
| Topical term or geographic name as entry element | Hadith |
| Form subdivision | Concordances. |
| 9 (RLIN) | 538 |
| Topical term or geographic name as entry element | Qurʼan |
| Form subdivision | Concordances. |
| 9 (RLIN) | 539 |
| 830 ## - SERIES ADDED ENTRY--UNIFORM TITLE | |
| Uniform title | Union Academique Internationale = الاتحاد الامي للمجامع العلمية |
| 942 ## - ADDED ENTRY ELEMENTS (KOHA) | |
| Source of classification or shelving scheme | Dewey Decimal Classification |
| Koha item type | Reference |
| Lost status | Source of classification or shelving scheme | Damaged status | Not for loan | Collection code | Permanent Location | Current Location | Shelving location | Date acquired | Source of acquisition | Cost, normal purchase price | Full call number | Date last seen | Copy number | Koha item type |
|---|---|---|---|---|---|---|---|---|---|---|---|---|---|---|
| Dewey Decimal Classification | Not For Loan | Reference | Central Library, University of Rajshahi | Central Library, University of Rajshahi | Reference | 13/12/1965 | Zeitlinger | 84.00 | AR 297.12503 WEM V-1 1936 | 05/01/2022 | C-1 | Reference | ||
| Dewey Decimal Classification | Not For Loan | Reference | Central Library, University of Rajshahi | Central Library, University of Rajshahi | Reference | 13/12/1965 | Zeitlinger | 84.00 | AR 297.12503 WEM V-6 1967 | 05/01/2022 | C-1 | Reference |